Online Catalogue and eLibrary

Sambol (Record no. 3120)

MARC details
000 -LEADER
fixed length control field 00416nam a2200181Ia 4500
005 - DATE AND TIME OF LATEST TRANSACTION
control field 20240930035516.0
008 - FIXED-LENGTH DATA ELEMENTS--GENERAL INFORMATION
fixed length control field 240331s9999 xx 000 0 und d
020 ## - INTERNATIONAL STANDARD BOOK NUMBER
ISBN 955573352X
082 ## - DDC Classification
Item Number - Author Mark RAJ
Class No. 808
100 ## - MAIN ENTRY--PERSONAL NAME
Personal name Rajakarunanayake, S
245 #0 - TITLE STATEMENT
Title Sambol
260 ## - PUBLICATION, DISTRIBUTION, ETC.
Place of publication, distribution, etc. Nugegoda
Name of publisher, distributor, etc. Sarasavi Publishers
Date of publication, distribution, etc. 2005
300 ## - PHYSICAL DESCRIPTION
Extent (e.g. Volumes, Pages etc.) 223 p .,
650 ## - SUBJECT ADDED ENTRY--TOPICAL TERM
Topical term or geographic name entry element Women
650 ## - SUBJECT ADDED ENTRY--TOPICAL TERM
Topical term or geographic name entry element Short Story
650 ## - SUBJECT ADDED ENTRY--TOPICAL TERM
Topical term or geographic name entry element Politics
942 ## - Koha item type (Biblio)
Koha item type Books in Stacks (Lending)
Holdings
Lost status Damaged status Collection code Home library Current library Shelving location Date acquired Full call number Accession Number Item type
    Lending WERC Library WERC Library Social Science Cupboard 03/31/2024 808 RAJ 5593 Books in Stacks (Lending)

© WERC Library